000 00515nam a2200193Ia 4500
005 20250326142524.0
008 250326s9999 xx 000 0 und d
020 _a1-85091-617-9
037 _aTextbook
040 _aFMSL
_beng
_cFMSL
041 _aeng
_2eng
084 _aX:87 M9
_qFMSL
100 _aHarrison T
_9746195
245 0 _aProduct manager's handbook
_cHarrison T
260 _aLondon
_bLondon, Kogan Page
_c1989
300 _a200p
942 _cTB
_hX:87 M9
999 _c1295423
_d1295423